000 00256nam a22001217a 4500
082 _a823
_bGAL/S
100 _aGALSWORTHY, JOHN
245 _aTHE SILVER BOX
260 _aDEHRADUN
_bMAPLE PRESS
_c2011
300 _a112
650 _aNOVEL
_zINDIA
942 _cBK
999 _c3116
_d3116